000 00624nam a2200241 a 4500
001 nice12345678
003 IN_TiNIC
005 20260116013355.0
008 050524s1966 dela grp 000 0 eng
020 _a
_c20
082 0 0 _a297.93
_bNAK
100 _aNakhjavani, Violette
245 _aAmatul Baha Visits India
260 _aDelhi
_bBahri Pub.
_c1966
300 _a180p
500 _aincludes index and biblioraphy
505 2 _aEnglish Rendering Muhammad Akbnar Muradpuri, Abul Aziz Kamal
650 _aBahai Faith
700 1 _aNakhjavani, Violette
902 _bSRS
942 _cBK
999 _c10751
_d10751